01293nam a2200277 a 450000100060000000300080000600500170001400800410003103500190007204000350009104100080012608200240013411000790015824502030023726000810044030000340052149000930055550000190064865000300066770000300069770000240072783001010075194200120085299900170086495201340088150361BD-RjUL20211209075510.0160824s1952 enkab 001 0 eng d a(BD-RjUL)50481 aBD-RjULbengcBD-RjULdBD-RjUL aeng 223a371.5bHIS 19522 aNational Foundation for Educational Research in England and Wales.915091012aA survey of rewards and punishments in schools /ca report by the National Foundation for Educational Research in England and Wales ; based on researches carried out by M.E. Highfield and A. Pinsent aLondon :bPublished for the Foundation by Newnes Educational Pub. Co,cc1952 axxiv, 432 p :bill. ;c23 cm.1 aPublication / National Foundation for Educational Research in England and Wales ;vno. 3 aIncludes index 0aSchool discipline91509111 aHebron, Miriam E.91509121 aPinsent, A.9150913 0aPublication (National Foundation for Educational Research in England and Wales) ;vno. 39150914 2ddccBK c50361d50361 00102ddc40708NFICaRUCLbRUCLcStackd1955-06-08eGrenichg23.10l0o371.5 HIS 1952r2016-08-24 00:00:00tC-2w2016-08-24yBK